| 000 | 00678nam a2200181Ia 4500 | ||
|---|---|---|---|
| 008 | 090123s9999 xx 000 0 und d | ||
| 082 | _b131 | ||
| 100 | _aदेशपांडे पुरूषोत्तम लक्ष्मण | ||
| 245 | _aबटाट्याची चाळ | ||
| 250 | _a3 | ||
| 260 | _bभागवत वा.पु. | ||
| 300 | _a204 | ||
| 600 | _aदेशपांडे पुरूषोत्तम लक्ष्मण | ||
| 630 | _aबटाट्याची चाळ | ||
| 700 | _aदेशपांडे पुरूषोत्तम लक्ष्मण | ||
| 730 | _aबटाट्याची चाळ | ||
| 942 | _cBOOK | ||
| 999 |
_c38219 _d38219 |
||